000 00478nam a2200157 i 4500
001 142857
003 ES-MaACL
005 20230906200637.0
007 t|
008 071010s1953 sp ||||1| spa d
100 1 _aVidal Isern, Antonio-Carlos.
_9114493
245 1 0 _aMensaje
_b: entregas de poesía y prosa literaria /
_cAntonio-Carlos Vidal Isern.
260 _aPalma de Mallorca :
_b[Ereso],
_c1953.
300 _a18 p. ;
_c22 cm.
852 _aES-MaACL
_j2029-F-3
_bR.34367
999 _c142857
_d142857